| 000 | 00613nam a22002177a 4500 | ||
|---|---|---|---|
| 003 | OSt | ||
| 005 | 20220107122847.0 | ||
| 008 | 190118b xxu||||| |||| 00| 0 eng d | ||
| 020 | _a9780387310732 | ||
| 040 | _cIIITMK | ||
| 082 | _a006.4 BIS/P; 3 | ||
| 100 |
_aBishop, Christopher M _915262 |
||
| 245 |
_aPattern recognition and machine learning _cChristopher M Bishop |
||
| 260 |
_aNew Delhi, _bSpringer, _c2006. |
||
| 300 | _axx, 738p. | ||
| 650 |
_aCOMPUTER SCIENCE _916533 |
||
| 650 |
_aPATTERN RECOGNITION _916534 |
||
| 650 |
_aMACHINE LEARNING _916535 |
||
| 650 |
_aALGORITHMS _916536 |
||
| 942 |
_2ddc _cBK |
||
| 999 |
_c6363 _d6363 |
||